Najmniejsze miasta powiatowe w każdym województwie - Statystyki

Ogólne statystyki
  • Ten quiz został rozwiązany 162 razy
  • Średni wynik to 10 z 16
Statystyki odpowiedzi
Województwo Liczba Ludności Miasto Inne miasta w powiecie % Poprawnych
podlaskie 5260 Sejny brak
72%
pomorskie 10 003 Nowy Dwór Gdański Krynica Morska
71%
wielkopolskie 10 974 Czarnków Trzcianka, Krzyż Wielkopolski, Wieleń
67%
łódzkie 6662 Pajęczno Działoszyn
67%
świętokrzyskie 5252 Kazimierza Wielka Skalbmierz, Opatowiec
66%
opolskie 9 504 Olesno Praszka, Dobrodzień, Gorzów Śląski
66%
lubuskie 9916 Strzelce Krajeńskie Drezdenko, Dobiegniew
66%
podkarpackie 5 432 Lesko brak
62%
śląskie 13 061 Kłobuck Krzepice
61%
lubelskie 8388 Opole Lubelskie Poniatowa, Józefów nad Wisłą
61%
małopolskie 5983 Proszowice Nowe Brzesko, Koszyce
61%
mazowieckie 5 593 Lipsko Solec nad Wisłą
60%
zachodniopomorskie 10 066 Łobez Dobra, Resko, Węgorzyno
57%
kujawsko-pomorskie 9093 Sępólno Krajeńskie Więcbork, Kamień Krajeński
52%
dolnośląskie 9539 Środa Śląska Miękinia
46%
warmińsko-mazurskie 10 097 Nowe Miasto Lubawskie brak
43%
Nie znaleziono quizów pasujących do podanych kryteriów
Rozkład punktacji
Procent ludzi z każdym wynikiem
Percentyl według liczby udzielonych odpowiedzi
Twoja historia wyników
Nie rozwiązałeś tego quizu